Statistics for 2003 NHL Draft - 1st Round Picks

Click here to take the quiz!

General Stats

  • This quiz has been taken 6 times
  • The average score is 11 of 30

Answer Stats

Pick #Drafted ByPlayer% Correct
2Carolina HurricanesEric Staal
100%
1Pittsburgh PenguinsMarc-Andre Fleury
100%
28Anaheim DucksCorey Perry
75%
13Los Angeles KingsDustin Brown
75%
19Anaheim DucksRyan Getzlaf
75%
17New Jersey DevilsZach Parise
75%
20Minnesota WildBrent Burns
50%
14Chicago BlackhawksBrent Seabrook
50%
11Philadelphia FlyersJeff Carter
50%
24Philadelphia FlyersMike Richards
50%
3Florida PanthersNathan Horton
50%
7Nashville PredatorsRyan Suter
50%
5Buffalo SabresThomas Vanek
50%
10Montréal CanadiensAndrei Kostitsyn
25%
26Los Angeles KingsBrian Boyle
25%
9Calgary FlamesDion Phaneuf
25%
12New York RangersHugh Jessiman
25%
22Edmonton OilersMarc-Antoine Pouliot
25%
6San Jose SharksMilan Michalek
25%
4Columbus Blue JacketsNikolai Zherdev
25%
29Ottawa SenatorsPatrick Eaves
25%
23Vancouver CanucksRyan Kesler
25%
25Florida PanthersAnthony Stewart
0%
8Atlanta ThrashersBraydon Coburn
0%
18Washington CapitalsEric Fehr
0%
27Los Angeles KingsJeff Tambellini
0%
21Boston BruinsMark Stuart
0%
15New York IslandersRobert Nilsson
0%
30St. Louis BluesShawn Belle
0%
16San Jose SharksSteve Bernier
0%

Score Distribution

Percentile by Number Answered

Percent of People with Each Score

Your Score History

You have not taken this quiz